000 00215 a2200097 4500
001 28413
100 _aChen, Y
245 _aVibrations, theoretical methods
260 _a
_bAddison Wesley
_c
090 _c19019
_d19019
942 _aNUST-CAE
_cM
_c10024
999 _c263486
_d263486